000 00434nam a22001451a 4500
020 _a9788121508179
082 _a907.2
_bSHE/O
100 _aShekhavat V
245 _aOn rational historiography:
_ban attempt at logical construction of a historiography of sciences in India/
_cby Shekhavat V
260 _aNew Delhi:
_bMunshiram Manoharlal,
_c1997.
300 _a152p.
650 _aHistoriography
650 _aHistory
942 _cBK
999 _c32196
_d32196